| 000 | 00704cam6a220022900 4500 | ||
|---|---|---|---|
| 001 | lce00173721 | ||
| 008 | 760826s1975 onc 000 1 eng | ||
| 010 | _a 76365195 | ||
| 015 | _aC75 | ||
| 020 | _a0887781187 | ||
| 035 | _a(Sirsi) r85382 | ||
| 035 | _a(DLC) 76365195 | ||
| 035 | _a(UPRA)lce00173721 | ||
| 050 | 0 |
_aPZ4.D7564 _bWh _aPG5069.D7 |
|
| 082 | _a891.8/6/35 | ||
| 100 | 1 |
_aDrabek, Jan, 1935- _dDrabek, Jan, 1935- _6A44847.1 |
|
| 245 | 1 | 0 |
_aWhatever happened to Wenceslas? / _cJan Drabek. |
| 260 |
_aToronto : _bP. Martin Associates, _cc1975. |
||
| 500 | _aPublished also in Czech under title: A co Vaclav? | ||
| 949 |
_aPZ4.D7564 _wlcc _i-118628 _mMAIN _tBOOK _lON-SHELF |
||
| 004 | 85382 | ||
| 999 |
_c95868 _d95868 |
||